[Event "Skakligaen 2021-22"]
[Site "Denmark"]
[Date "2022.01.29"]
[Round "5.2"]
[White "Schwarz, Frank"]
[Black "Schandorff, Lars"]
[Result "1/2-1/2"]
[WhiteElo "2224"]
[BlackElo "2458"]
[PlyCount "47"]
[EventDate "2021.10.30"]
[EventType "team-tourn"]
[EventRounds "9"]
[EventCountry "DEN"]
[SourceTitle "Turneringssystemet"]
[WhiteTeam "Fredericia"]
[BlackTeam "Hillerod"]

1. c4 e6 2. g3 d5 3. Bg2 Nf6 4. Nf3 dxc4 5. Qa4+ Bd7 6. Qxc4 c5 7. O-O Bc6 8.
Nc3 Nbd7 9. e4 Be7 10. Qe2 e5 11. b3 O-O 12. Bb2 Re8 13. Rac1 a6 14. d3 Bd6 15.
Nd1 a5 16. Ne3 a4 17. Nf5 Bf8 18. Bc3 Qc7 19. h3 b5 20. Rc2 axb3 21. axb3 Ra3
22. Ra1 Rxa1+ 23. Bxa1 Ra8 24. Ra2 1/2-1/2

[Event "Skakligaen 2021-22"]
[Site "Denmark"]
[Date "2022.01.29"]
[Round "5.3"]
[White "Percivaldi, Martin"]
[Black "Friis, Carsten Bank"]
[Result "1/2-1/2"]
[WhiteElo "2385"]
[BlackElo "2212"]
[PlyCount "45"]
[EventDate "2021.10.30"]
[EventType "team-tourn"]
[EventRounds "9"]
[EventCountry "DEN"]
[SourceTitle "Turneringssystemet"]
[WhiteTeam "Hillerod"]
[BlackTeam "Fredericia"]

1. d4 Nf6 2. Bg5 c5 3. Bxf6 gxf6 4. d5 d6 5. c4 Bf5 6. Nc3 Bg6 7. e3 e5 8. Bd3
f5 9. f4 e4 10. Bc2 Nd7 11. Nge2 Nb6 12. Ba4+ Nxa4 13. Qxa4+ Qd7 14. Nb5 Ke7
15. Qb3 Bg7 16. a4 b6 17. O-O a5 18. Kf2 h5 19. Rg1 Rab8 20. Raf1 Bf6 21. Ke1
h4 22. Kd2 Bh5 23. Nbc3 1/2-1/2

[Event "Skakligaen 2021-22"]
[Site "Denmark"]
[Date "2022.01.29"]
[Round "5.4"]
[White "Guindy, Esmat Susanne"]
[Black "Borge, Nikolaj"]
[Result "0-1"]
[WhiteElo "2113"]
[BlackElo "2381"]
[PlyCount "77"]
[EventDate "2021.10.30"]
[EventType "team-tourn"]
[EventRounds "9"]
[EventCountry "DEN"]
[SourceTitle "Turneringssystemet"]
[WhiteTeam "Fredericia"]
[BlackTeam "Hillerod"]

1. d4 d5 2. Nf3 Nf6 3. g3 c5 4. e3 cxd4 5. exd4 Bf5 6. Bg2 Qa5+ 7. Nbd2 Qa6 8.
Nb3 Nbd7 9. Nh4 Bg4 10. f3 Bh5 11. Qe2 Qxe2+ 12. Kxe2 e6 13. Bf1 Be7 14. g4 Ng8
15. Ng2 Bg6 16. Kd1 Rc8 17. c3 h5 18. Nf4 Nf8 19. Nxg6 Nxg6 20. Be3 hxg4 21.
fxg4 Nf6 22. Be2 Rh3 23. Bf2 Bd6 24. Bg1 Nf4 25. Bf1 Rf3 26. Nd2 Rxf1+ 27. Nxf1
Nxg4 28. Kd2 Nh3 29. Ne3 Bf4 30. Rf1 Bxe3+ 31. Bxe3 Ke7 32. Rf3 Rh8 33. Rhf1 f5
34. Rg3 Nxe3 35. Rxe3 f4 36. Re5 Kf6 37. Ke2 Rh4 38. Ke1 Ng5 39. Rf2 0-1

[Event "Skakligaen 2021-22"]
[Site "Denmark"]
[Date "2022.01.29"]
[Round "5.5"]
[White "Pedersen, Steffen"]
[Black "Easwaralingam, Adesh"]
[Result "1-0"]
[WhiteElo "2338"]
[BlackElo "2136"]
[PlyCount "79"]
[EventDate "2021.10.30"]
[EventType "team-tourn"]
[EventRounds "9"]
[EventCountry "DEN"]
[SourceTitle "Turneringssystemet"]
[WhiteTeam "Hillerod"]
[BlackTeam "Fredericia"]

1. d4 Nf6 2. c4 e6 3. g3 d5 4. Nf3 Be7 5. Bg2 O-O 6. O-O dxc4 7. Qa4 a6 8. Qxc4
b5 9. Qc2 Bb7 10. Bd2 Nbd7 11. Ba5 Nb6 12. Nbd2 Rc8 13. Rad1 Qe8 14. Ne5 Bxg2
15. Kxg2 Nbd5 16. e4 Nb4 17. Bxb4 Bxb4 18. Nb3 c6 19. Rc1 Nd7 20. Nxc6 Nb8 21.
d5 exd5 22. exd5 Nxc6 23. dxc6 Rc7 24. a3 Be7 25. Rfe1 Qc8 26. Qe4 Bf6 27. Re2
Re7 28. Qf3 Rxe2 29. Qxe2 Qc7 30. Rc2 Rd8 31. Qf3 Rd6 32. Nd2 Kf8 33. Nf1 Bd4
34. Ne3 Bxe3 35. fxe3 h6 36. h4 Rf6 37. Qe4 Re6 38. Qf4 Rd6 39. Qxd6+ Qxd6 40.
c7 1-0

[Event "Skakligaen 2021-22"]
[Site "Denmark"]
[Date "2022.01.29"]
[Round "5.6"]
[White "Ostergaard, Rasmus Thestrup"]
[Black "Storme, Isak"]
[Result "1/2-1/2"]
[WhiteElo "2102"]
[BlackElo "2352"]
[PlyCount "47"]
[EventDate "2021.10.30"]
[EventType "team-tourn"]
[EventRounds "9"]
[EventCountry "DEN"]
[SourceTitle "Turneringssystemet"]
[WhiteTeam "Fredericia"]
[BlackTeam "Hillerod"]

1. d4 Nf6 2. Nf3 d5 3. g3 e6 4. Bg2 Be7 5. O-O O-O 6. c4 c6 7. Qc2 b6 8. Nbd2
Bb7 9. e4 Nbd7 10. e5 Ne8 11. cxd5 cxd5 12. Re1 Rc8 13. Qd1 Ba6 14. Nf1 Nb8 15.
h4 Nc6 16. a3 Na5 17. Bg5 Bc4 18. Ne3 Bb3 19. Qd2 Nc7 20. Rac1 Bc4 21. Rc2 Bb3
22. Rcc1 Bc4 23. Rc2 Bb3 24. Rcc1 1/2-1/2

[Event "Skakligaen 2021-22"]
[Site "Denmark"]
[Date "2022.01.29"]
[Round "5.7"]
[White "Jaksland, Tim"]
[Black "Sorensen, Lars Desmond"]
[Result "1/2-1/2"]
[WhiteElo "2212"]
[BlackElo "2048"]
[PlyCount "32"]
[EventDate "2021.10.30"]
[EventType "team-tourn"]
[EventRounds "9"]
[EventCountry "DEN"]
[SourceTitle "Turneringssystemet"]
[WhiteTeam "Hillerod"]
[BlackTeam "Fredericia"]

1. e4 e5 2. Nf3 Nc6 3. Bc4 Bc5 4. c3 Nf6 5. d4 exd4 6. e5 d5 7. Bb5 Ne4 8. cxd4
Bb6 9. Nc3 O-O 10. Be3 Bg4 11. h3 Bh5 12. Qc2 Bg6 13. Qb3 Ne7 14. Nh4 c6 15.
Nxg6 hxg6 16. Bd3 Nf5 1/2-1/2

[Event "Skakligaen 2021-22"]
[Site "Denmark"]
[Date "2022.01.29"]
[Round "5.8"]
[White "Jakobsen, Niels Nybo"]
[Black "Nordenbaek, Jan"]
[Result "1/2-1/2"]
[WhiteElo "2025"]
[BlackElo "2157"]
[PlyCount "57"]
[EventDate "2021.10.30"]
[EventType "team-tourn"]
[EventRounds "9"]
[EventCountry "DEN"]
[SourceTitle "Turneringssystemet"]
[WhiteTeam "Fredericia"]
[BlackTeam "Hillerod"]

1. Nf3 Nf6 2. g3 d5 3. Bg2 c6 4. O-O Bf5 5. d3 e6 6. Nbd2 h6 7. b3 Nbd7 8. Bb2
Be7 9. Re1 O-O 10. h3 Bh7 11. c4 a5 12. a3 Re8 13. Ra2 Qb6 14. Qa1 Bf8 15. Bc3
c5 16. Qd1 d4 17. Ba1 e5 18. e4 Qc7 19. a4 Nb8 20. Nb1 Nc6 21. Rae2 Nb4 22. Na3
Ra6 23. Bb2 Qd8 24. Nb5 g5 25. Nh2 Bg6 26. Bc1 Nh5 27. Ba3 Nf6 28. Bc1 Nh5 29.
Ba3 1/2-1/2

[Event "Skakligaen 2021-22"]
[Site "Denmark"]
[Date "2022.01.29"]
[Round "5.1"]
[White "Matthiesen, Martin"]
[Black "Svane, Frederik"]
[Result "0-1"]
[WhiteElo "2325"]
[BlackElo "2470"]
[PlyCount "66"]
[EventDate "2021.10.30"]
[EventType "team-tourn"]
[EventRounds "9"]
[EventCountry "DEN"]
[SourceTitle "Turneringssystemet"]
[WhiteTeam "SK1968"]
[BlackTeam "Skanderborg"]

1. d4 Nf6 2. c4 e6 3. Nf3 b6 4. g3 Bb4+ 5. Bd2 Be7 6. Bg2 c6 7. O-O O-O 8. Qc2
d5 9. Rd1 Nbd7 10. Bf4 Ba6 11. b3 Rc8 12. Nc3 dxc4 13. bxc4 Bxc4 14. Nd2 b5 15.
Nxc4 bxc4 16. e4 Nb6 17. Rab1 Nfd7 18. h4 Ba3 19. Bh3 h6 20. Qe2 Qe7 21. Be3
Bb4 22. Qb2 Ba3 23. Qe2 Rcd8 24. e5 c5 25. Qg4 cxd4 26. Bxh6 f5 27. exf6 Rxf6
28. Bg5 dxc3 29. Bxf6 Qxf6 30. Qe2 Re8 31. Bg2 Nc5 32. Bh3 Qg6 33. Qe3 c2 0-1

[Event "Skakligaen 2021-22"]
[Site "Denmark"]
[Date "2022.01.29"]
[Round "5.2"]
[White "Boe Olsen, Filip"]
[Black "Bank, Pelle Rodkjaer"]
[Result "1-0"]
[WhiteElo "2357"]
[BlackElo "2322"]
[PlyCount "61"]
[EventDate "2021.10.30"]
[EventType "team-tourn"]
[EventRounds "9"]
[EventCountry "DEN"]
[SourceTitle "Turneringssystemet"]
[WhiteTeam "Skanderborg"]
[BlackTeam "SK1968"]

1. d4 Nc6 2. Nf3 d6 3. g3 g6 4. Bg2 Bg7 5. O-O Bg4 6. d5 Ne5 7. Nd4 Bd7 8. f4
c5 9. fxe5 cxd4 10. exd6 Qb6 11. dxe7 Nxe7 12. Nd2 Rc8 13. Kh1 O-O 14. c3 Nf5
15. Ne4 dxc3 16. Nxc3 Ne3 17. Bxe3 Qxe3 18. Qb3 b6 19. Qa3 b5 20. Rf3 Qd4 21.
Qe7 Bf5 22. Rd1 Qb6 23. d6 Be6 24. d7 Rcd8 25. Ne4 Bxb2 26. Ng5 b4 27. Rd6 Qa5
28. Nxe6 b3 29. axb3 fxe6 30. Rxf8+ Rxf8 31. Qxf8+ 1-0

[Event "Skakligaen 2021-22"]
[Site "Denmark"]
[Date "2022.01.29"]
[Round "5.3"]
[White "Matthiesen, Arne"]
[Black "Andersen, Jackie"]
[Result "1/2-1/2"]
[WhiteElo "2312"]
[BlackElo "2398"]
[PlyCount "39"]
[EventDate "2021.10.30"]
[EventType "team-tourn"]
[EventRounds "9"]
[EventCountry "DEN"]
[SourceTitle "Turneringssystemet"]
[WhiteTeam "SK1968"]
[BlackTeam "Skanderborg"]

1. d4 g6 2. e4 Bg7 3. Nf3 d6 4. Be2 Nd7 5. c4 e5 6. Nc3 exd4 7. Nxd4 Ngf6 8.
O-O O-O 9. Be3 Re8 10. f3 c6 11. Bf2 a6 12. Re1 d5 13. cxd5 cxd5 14. exd5 Nb6
15. Qb3 Nbxd5 16. Nxd5 Qxd5 17. Bc4 Qd7 18. Rxe8+ Nxe8 19. Rd1 Qc7 20. a4
1/2-1/2

[Event "Skakligaen 2021-22"]
[Site "Denmark"]
[Date "2022.01.29"]
[Round "5.4"]
[White "Pedersen, Nicolai Vesterbaek"]
[Black "Rewitz, Poul"]
[Result "1-0"]
[WhiteElo "2365"]
[BlackElo "2264"]
[PlyCount "79"]
[EventDate "2021.10.30"]
[EventType "team-tourn"]
[EventRounds "9"]
[EventCountry "DEN"]
[SourceTitle "Turneringssystemet"]
[WhiteTeam "Skanderborg"]
[BlackTeam "SK1968"]

1. c4 Nf6 2. Nc3 e6 3. e4 d5 4. e5 d4 5. exf6 dxc3 6. bxc3 Qxf6 7. d4 c5 8. Nf3
cxd4 9. Bg5 Qf5 10. cxd4 Bb4+ 11. Bd2 Qa5 12. Bd3 Bxd2+ 13. Qxd2 Qxd2+ 14. Kxd2
O-O 15. a4 Rd8 16. Ke3 Bd7 17. Rhb1 Bc6 18. Be4 Bxe4 19. Kxe4 b6 20. a5 Nd7 21.
axb6 Nxb6 22. c5 Nd5 23. Rb7 a5 24. Ne5 f5+ 25. Kf3 g5 26. Nc6 g4+ 27. Kg3 Rdc8
28. Na7 Rd8 29. c6 Nc3 30. c7 Re8 31. c8=Q Raxc8 32. Nxc8 Rxc8 33. Rxa5 Ne2+
34. Kh4 Nxd4 35. Raa7 Nc6 36. Rg7+ Kf8 37. Raf7+ Ke8 38. Rb7 Kf8 39. Rxh7 Kg8
40. Kg5 1-0

[Event "Skakligaen 2021-22"]
[Site "Denmark"]
[Date "2022.01.29"]
[Round "5.5"]
[White "Ramsdal, Jens Albert"]
[Black "Brondt, Nicolai Kvist"]
[Result "1/2-1/2"]
[WhiteElo "2289"]
[BlackElo "2217"]
[PlyCount "44"]
[EventDate "2021.10.30"]
[EventType "team-tourn"]
[EventRounds "9"]
[EventCountry "DEN"]
[SourceTitle "Martin Matthiesen"]
[WhiteTeam "SK1968"]
[BlackTeam "Skanderborg"]

1. d4 Nf6 2. c4 c6 3. Nc3 d5 4. cxd5 cxd5 5. Bf4 Qb6 6. Nf3 Nc6 7. Qb3 Qxb3 8.
axb3 Bd7 9. e3 e6 10. Be2 Be7 11. h3 O-O 12. O-O Rfc8 13. Rfc1 Ne8 14. Bd1 Nd6
15. Nd2 Nb4 16. Be2 Kf8 17. Na4 b6 18. Rxc8+ Rxc8 19. Nc3 a5 20. Rd1 Ke8 21.
Ndb1 Kd8 22. Na3 Ne4 1/2-1/2

[Event "Skakligaen 2021-22"]
[Site "Denmark"]
[Date "2022.01.29"]
[Round "5.6"]
[White "Svane, Henrik"]
[Black "Hansen, Lars"]
[Result "1/2-1/2"]
[WhiteElo "2073"]
[BlackElo "2188"]
[PlyCount "25"]
[EventDate "2021.10.30"]
[EventType "team-tourn"]
[EventRounds "9"]
[EventCountry "DEN"]
[SourceTitle "Martin Matthiesen"]
[WhiteTeam "Skanderborg"]
[BlackTeam "SK1968"]

1. d4 Nf6 2. c4 e6 3. Nc3 b6 4. e4 Bb7 5. Bd3 Bb4 6. Qc2 Bxc3+ 7. bxc3 d6
8. f4 e5 9. fxe5 dxe5 10. Nf3 Nbd7 11. O-O O-O 12. Bg5 Re8 13. Bxf6 1/2-1/2

[Event "Skakligaen 2021-22"]
[Site "Denmark"]
[Date "2022.01.29"]
[Round "5.7"]
[White "Lauridsen, Jesper Morch"]
[Black "Christensen, Niels Chr"]
[Result "1-0"]
[WhiteElo "2208"]
[BlackElo "1769"]
[PlyCount "49"]
[EventDate "2021.10.30"]
[EventType "team-tourn"]
[EventRounds "9"]
[EventCountry "DEN"]
[SourceTitle "Martin Matthiesen"]
[WhiteTeam "SK1968"]
[BlackTeam "Skanderborg"]

1. e4 e5 2. Nf3 Nc6 3. d4 exd4 4. Bc4 Be7 5. O-O d6 6. Nxd4 Nxd4 7. Qxd4 Bf6 8.
Qd3 Ne7 9. Nc3 O-O 10. f4 Be6 11. Bxe6 fxe6 12. Be3 Kh8 13. Rad1 e5 14. f5 Ng8
15. Nd5 Rf7 16. Qb3 b6 17. Nxb6 axb6 18. Qxf7 Ra4 19. c4 Ne7 20. Bxb6 cxb6 21.
Rxd6 Qc8 22. Rxf6 Qc5+ 23. Kh1 gxf6 24. Qe8+ Kg7 25. Qxa4 1-0

[Event "Skakligaen 2021-22"]
[Site "Denmark"]
[Date "2022.01.29"]
[Round "5.8"]
[White "Salling, Torkild"]
[Black "Simkin, Mark"]
[Result "0-1"]
[WhiteElo "1736"]
[BlackElo "2096"]
[PlyCount "56"]
[EventDate "2021.10.30"]
[EventType "team-tourn"]
[EventRounds "9"]
[EventCountry "DEN"]
[SourceTitle "Martin Matthiesen"]
[WhiteTeam "Skanderborg"]
[BlackTeam "SK1968"]

1. d4 d5 2. Nf3 c5 3. e3 Nf6 4. c4 e6 5. Nc3 a6 6. a3 dxc4 7. Bxc4 b5 8. Be2 b4
9. Na4 cxd4 10. Nxd4 e5 11. Nf3 Qxd1+ 12. Bxd1 Nbd7 13. O-O Bb7 14. axb4 Bxb4
15. b3 Ne4 16. Ba3 Bxa3 17. Rxa3 Ke7 18. Be2 f6 19. Rc1 Rhc8 20. Raa1 a5 21.
Bb5 Rxc1+ 22. Rxc1 Rc8 23. Rxc8 Bxc8 24. Kf1 Ndc5 25. Nxc5 Nxc5 26. Bc4 Be6 27.
Ke2 Nxb3 28. Kd3 e4+ 0-1

[Event "Skakligaen 2021-22"]
[Site "Denmark"]
[Date "2022.01.29"]
[Round "5.1"]
[White "Rasmussen, Allan Stig"]
[Black "Ochsner, Bjorn Moller"]
[Result "0-1"]
[WhiteElo "2566"]
[BlackElo "2506"]
[PlyCount "58"]
[EventDate "2021.10.30"]
[EventType "team-tourn"]
[EventRounds "9"]
[EventCountry "DEN"]
[SourceTitle "Turneringssystemet"]
[WhiteTeam "Jetsmark"]
[BlackTeam "AarhusSkolerne"]

1. d4 Nf6 2. c4 e6 3. Nf3 d5 4. Nc3 dxc4 5. e4 b5 6. e5 Nd5 7. Nxb5 Nb6 8. Be2
Be7 9. O-O Nc6 10. Be3 O-O 11. Qc1 Rb8 12. Nc3 Bb7 13. Rd1 Nb4 14. Nd2 Qe8 15.
a3 Nd3 16. Qc2 f5 17. exf6 Qg6 18. Bf1 Rxf6 19. Nxc4 Nxc4 20. Qxd3 Nxe3 21.
Qxg6 Rxg6 22. fxe3 Bxg2 23. Rd2 Bf3+ 24. Bg2 c5 25. Nd1 cxd4 26. exd4 Bf6 27.
Ne3 Bg5 28. Re1 Rb3 29. Kf2 Bxg2 0-1

[Event "Skakligaen 2021-22"]
[Site "Denmark"]
[Date "2022.01.29"]
[Round "5.2"]
[White "Vinter Schou, Uffe"]
[Black "Heimisson, Hilmir Freyr"]
[Result "1-0"]
[WhiteElo "2297"]
[BlackElo "2322"]
[PlyCount "137"]
[EventDate "2021.10.30"]
[EventType "team-tourn"]
[EventRounds "9"]
[EventCountry "DEN"]
[SourceTitle "Turneringssystemet"]
[WhiteTeam "AarhusSkolerne"]
[BlackTeam "Jetsmark"]

1. c4 c5 2. Nf3 Nc6 3. Nc3 g6 4. e3 Nf6 5. b3 Bg7 6. Bb2 O-O 7. Be2 d5 8. cxd5
Nxd5 9. Rc1 Ndb4 10. Na4 b6 11. Bxg7 Kxg7 12. Rc3 e5 13. Qa1 Qf6 14. O-O Bb7
15. d3 Rad8 16. Nd2 Qe7 17. a3 Nd5 18. Rc2 f5 19. Nc3 Nf6 20. Nc4 Rd7 21. Rd1
Rfd8 22. Rcd2 Kh6 23. Qc1 Qe6 24. Qb2 Ba6 25. Bf3 Re7 26. Na4 Nb8 27. Qc1 g5
28. b4 Kg6 29. Nab2 g4 30. Be2 cxb4 31. axb4 Nc6 32. Bf1 Nxb4 33. d4 e4 34.
Ne5+ Kg7 35. Bxa6 Nxa6 36. Rc2 Nb4 37. Rc4 Nfd5 38. Nc6 Nxc6 39. Rxc6 Rd6 40.
Rc8 Re8 41. Rc4 b5 42. Rc5 Rb8 43. Rxd5 Qxd5 44. Qc7+ Rd7 45. Qxb8 a5 46. Rc1
a4 47. Rc5 Qe6 48. Qxb5 a3 49. Nc4 a2 50. Qa4 Qe7 51. g3 Ra7 52. Na5 Qf7 53.
Rc2 Qb3 54. Qxa2 Qb4 55. Rc5 Qe1+ 56. Kg2 Qd1 57. Qb3 Qf3+ 58. Kg1 h5 59. Qc2
Kg6 60. Qc1 Kg5 61. Nb3 h4 62. Nd2 Qe2 63. Nxe4+ Kg6 64. Rc6+ Kh5 65. Nf6+ Kg6
66. Nxg4+ Kh5 67. Nf6+ Kg6 68. Nd5+ Kg7 69. Rc7+ 1-0

[Event "Skakligaen 2021-22"]
[Site "Denmark"]
[Date "2022.01.29"]
[Round "5.3"]
[White "Baekgaard, Martin"]
[Black "Pedersen, Finn"]
[Result "1-0"]
[WhiteElo "2311"]
[BlackElo "2294"]
[PlyCount "77"]
[EventDate "2021.10.30"]
[EventType "team-tourn"]
[EventRounds "9"]
[EventCountry "DEN"]
[SourceTitle "Turneringssystemet"]
[WhiteTeam "Jetsmark"]
[BlackTeam "AarhusSkolerne"]

1. d4 d5 2. c4 c6 3. Nf3 Nf6 4. Nc3 dxc4 5. a4 Bf5 6. Ne5 e6 7. f3 Nbd7 8. Nxc4
Be7 9. e4 Bg6 10. Be2 O-O 11. O-O c5 12. d5 exd5 13. exd5 Re8 14. d6 Bf8 15.
Nb5 Nd5 16. Qxd5 Rxe2 17. Bg5 Nb6 18. Nxb6 Qxb6 19. d7 c4+ 20. Kh1 Be7 21. Rfe1
Qf2 22. Rxe2 Qxe2 23. Nc3 Qxb2 24. Re1 Qxc3 25. d8=Q+ Rxd8 26. Qxd8+ Bf8 27.
Rd1 Qb4 28. Bf4 Bd3 29. Bg3 h6 30. h3 Kh7 31. Re1 Bc5 32. Qd5 Bg6 33. h4 h5 34.
Re8 Qxa4 35. Qd8 Qa1+ 36. Be1 Bf8 37. Kh2 Bd6+ 38. Bg3 Bxg3+ 39. Kxg3 1-0

[Event "Skakligaen 2021-22"]
[Site "Denmark"]
[Date "2022.01.29"]
[Round "5.4"]
[White "Boe, Mads"]
[Black "Wiwe, Andreas"]
[Result "1/2-1/2"]
[WhiteElo "2243"]
[BlackElo "2314"]
[PlyCount "41"]
[EventDate "2021.10.30"]
[EventType "team-tourn"]
[EventRounds "9"]
[EventCountry "DEN"]
[SourceTitle "Turneringssystemet"]
[WhiteTeam "AarhusSkolerne"]
[BlackTeam "Jetsmark"]

1. d4 d5 2. c4 dxc4 3. Nf3 Nf6 4. e3 e6 5. Bxc4 a6 6. O-O b5 7. Bb3 Bb7 8. Nc3
c5 9. Qe2 Nbd7 10. Rd1 Qb8 11. Bc2 cxd4 12. Rxd4 Bc5 13. Rh4 Qc7 14. e4 b4 15.
Na4 Be7 16. Be3 Rc8 17. Bd3 Qa5 18. b3 Nc5 19. Nxc5 Bxc5 20. Bd2 Qb6 21. Rc1
1/2-1/2

[Event "Skakligaen 2021-22"]
[Site "Denmark"]
[Date "2022.01.29"]
[Round "5.5"]
[White "Jensen, Bjarke"]
[Black "Hagen, Kresten Skytte"]
[Result "1-0"]
[WhiteElo "2349"]
[BlackElo "2173"]
[PlyCount "61"]
[EventDate "2021.10.30"]
[EventType "team-tourn"]
[EventRounds "9"]
[EventCountry "DEN"]
[SourceTitle "Martin Matthiesen"]
[WhiteTeam "Jetsmark"]
[BlackTeam "AarhusSkolerne"]

1. e4 e6 2. d4 d5 3. Nc3 Nf6 4. e5 Nfd7 5. f4 c5 6. Nf3 Nc6 7. Be3 Be7 8. Qd2
a6 9. a3 Qc7 10. Bd3 cxd4 11. Nxd4 Nxd4 12. Bxd4 Bc5 13. Ne2 Qb6 14. c3 f5 15.
exf6 gxf6 16. b4 Bxd4 17. cxd4 O-O 18. f5 e5 19. Bc2 a5 20. O-O axb4 21. axb4
Rxa1 22. Rxa1 Nb8 23. Kh1 Qd6 24. b5 Nd7 25. Bb3 Nb6 26. Ng3 exd4 27. Re1 Bd7
28. Qxd4 Kh8 29. Re3 Rc8 30. h3 Rc1+ 31. Kh2 1-0

[Event "Skakligaen 2021-22"]
[Site "Denmark"]
[Date "2022.01.29"]
[Round "5.6"]
[White "Tettinek, Michael"]
[Black "Grubert, Christian"]
[Result "1/2-1/2"]
[WhiteElo "2012"]
[BlackElo "2112"]
[PlyCount "37"]
[EventDate "2021.10.30"]
[EventType "team-tourn"]
[EventRounds "9"]
[EventCountry "DEN"]
[SourceTitle "Martin Matthiesen"]
[WhiteTeam "AarhusSkolerne"]
[BlackTeam "Jetsmark"]

1. d4 f5 2. Nf3 Nf6 3. c3 e6 4. Bg5 Be7 5. Nbd2 O-O 6. Qc2 d5 7. Ne5 Nbd7 8.
Ndf3 Ne4 9. Bxe7 Qxe7 10. Nxd7 Bxd7 11. Ne5 Rac8 12. f3 Nf6 13. e3 c5 14. Be2
f4 15. Nd3 fxe3 16. Nxc5 e5 17. Qb3 exd4 18. cxd4 Bc6 19. O-O 1/2-1/2

[Event "Skakligaen 2021-22"]
[Site "Denmark"]
[Date "2022.01.29"]
[Round "5.7"]
[White "Rasmussen, Henning Lau"]
[Black "Hammer Larsen, Jesper"]
[Result "1-0"]
[WhiteElo "2159"]
[BlackElo "2005"]
[PlyCount "65"]
[EventDate "2021.10.30"]
[EventType "team-tourn"]
[EventRounds "9"]
[EventCountry "DEN"]
[SourceTitle "Martin Matthiesen"]
[WhiteTeam "Jetsmark"]
[BlackTeam "AarhusSkolerne"]

1. d4 d5 2. c4 e6 3. Nf3 c5 4. cxd5 exd5 5. g3 Nc6 6. Bg2 Nf6 7. O-O Be7 8. Nc3
O-O 9. Be3 c4 10. Ne5 Be6 11. h3 Qc8 12. Kh2 a6 13. f4 Rd8 14. g4 g6 15. Kh1
Nxe5 16. dxe5 Ne4 17. Nxe4 dxe4 18. Qc1 h5 19. Bb6 Re8 20. f5 gxf5 21. gxf5
Bxf5 22. Qf4 Bg6 23. Bd4 Qe6 24. Rac1 Red8 25. e3 Rac8 26. Rf2 b5 27. Rg1 Kh7
28. Bxe4 Rf8 29. Qf3 Rcd8 30. Qxh5+ Kg7 31. Rf6 Rh8 32. Rgxg6+ fxg6 33. Qxg6#
1-0

[Event "Skakligaen 2021-22"]
[Site "Denmark"]
[Date "2022.01.29"]
[Round "5.8"]
[White "Ochsner, Henrik"]
[Black "Hoffmann, Tobias Breinholt"]
[Result "1/2-1/2"]
[WhiteElo "1880"]
[BlackElo "2081"]
[PlyCount "31"]
[EventDate "2021.10.30"]
[EventType "team-tourn"]
[EventRounds "9"]
[EventCountry "DEN"]
[SourceTitle "Martin Matthiesen"]
[WhiteTeam "AarhusSkolerne"]
[BlackTeam "Jetsmark"]

1. d4 Nf6 2. c4 e6 3. Nc3 Bb4 4. a3 Bxc3+ 5. bxc3 d6 6. e3 O-O 7. Bd3 e5 8. Ne2
Re8 9. Ng3 c5 10. d5 Nbd7 11. O-O Nf8 12. Qc2 Ng6 13. h3 Kh8 14. f4 exf4 15.
exf4 Nd7 16. Ne4 1/2-1/2

[Event "Skakligaen 2021-22"]
[Site "Denmark"]
[Date "2022.01.29"]
[Round "5.1"]
[White "Hector, Jonny"]
[Black "Nielsen, Viktor Haarmark"]
[Result "1-0"]
[WhiteElo "2443"]
[BlackElo "2296"]
[PlyCount "59"]
[EventDate "2021.10.30"]
[EventType "team-tourn"]
[EventRounds "9"]
[EventCountry "DEN"]
[SourceTitle "Martin Noer"]
[WhiteTeam "Nordkalotten"]
[BlackTeam "Obro"]

1. e4 c5 2. Nf3 e6 3. d4 cxd4 4. Nxd4 Nc6 5. Nc3 Qc7 6. Be3 a6 7. g4 b5 8. Nxc6
Qxc6 9. Qd2 b4 10. Ne2 Qxe4 11. Rg1 Qc4 12. Nf4 Qc7 13. Nh5 Nf6 14. O-O-O Nxh5
15. gxh5 f6 16. f4 Bb7 17. Bb6 Qc8 18. f5 Bd5 19. Qe3 Qc6 20. fxe6 dxe6 21.
Rxd5 Rb8 22. Ba7 Qxd5 23. Bg2 Qc4 24. Bxb8 Bc5 25. Bc6+ Kf7 26. Qg3 Bxg1 27.
Qc7+ Kf8 28. Qd8+ Kf7 29. Qd7+ Kf8 30. Qe8# 1-0

[Event "Skakligaen 2021-22"]
[Site "Denmark"]
[Date "2022.01.29"]
[Round "5.2"]
[White "Hansen, Soren Bech"]
[Black "Brynell, Stellan"]
[Result "1/2-1/2"]
[WhiteElo "2296"]
[BlackElo "2431"]
[PlyCount "74"]
[EventDate "2021.10.30"]
[EventType "team-tourn"]
[EventRounds "9"]
[EventCountry "DEN"]
[SourceTitle "Martin Noer"]
[WhiteTeam "Obro"]
[BlackTeam "Nordkalotten"]

1. e4 c5 2. Nf3 Nc6 3. d4 cxd4 4. Nxd4 e5 5. Nb5 d6 6. N1c3 a6 7. Na3 Be7 8.
Nc4 b5 9. Ne3 Nf6 10. Bd3 Nb4 11. a4 Nxd3+ 12. Qxd3 b4 13. Ncd5 a5 14. Nxf6+
Bxf6 15. Nc4 Be7 16. O-O O-O 17. Rd1 Be6 18. Ne3 Rc8 19. Bd2 Rc5 20. c4 bxc3
21. Bxc3 Qb6 22. h3 Rfc8 23. Qe2 Bg5 24. Qf3 Bxe3 25. Qxe3 Qc6 26. Qd3 Rd8 27.
Ra3 f6 28. b4 axb4 29. Bxb4 Rc4 30. Rc3 Rxc3 31. Bxc3 Qxa4 32. Ra1 Qd7 33. Qe3
Rc8 34. Ra7 Rc7 35. Ra8+ Rc8 36. Ra7 Rc7 37. Ra8+ Rc8 1/2-1/2

[Event "Skakligaen 2021-22"]
[Site "Denmark"]
[Date "2022.01.29"]
[Round "5.3"]
[White "Kristensen, Kaare Hove"]
[Black "Larsen, Karsten"]
[Result "1/2-1/2"]
[WhiteElo "2345"]
[BlackElo "2252"]
[PlyCount "40"]
[EventDate "2021.10.30"]
[EventType "team-tourn"]
[EventRounds "9"]
[EventCountry "DEN"]
[SourceTitle "Martin Noer"]
[WhiteTeam "Nordkalotten"]
[BlackTeam "Obro"]

1. Nf3 d5 2. g3 Nf6 3. Bg2 c6 4. O-O Bf5 5. d4 h6 6. c4 e6 7. Nc3 Nbd7 8. Qb3
Qb6 9. c5 Qxb3 10. axb3 a6 11. b4 Rd8 12. Nd2 Bc2 13. Ra3 Be7 14. Nb3 Bxb3 15.
Rxb3 O-O 16. f3 e5 17. Be3 Rfe8 18. Na2 Bf8 19. Nc1 g6 20. Bf2 exd4 1/2-1/2